[Event "Tata Steel 2013 - B"]
[Site "Wijk aan Zee"]
[Date "17.01.2013"]
[Round "5B"]
[White "Movsesian,S"]
[Black "Edouard,R"]
[Result "1-0"]
[WhiteElo "2688"]
[BlackElo "2686"]
[EventDate "2013.01.12"]

1. e4 e6 2. d4 d5 3. Nd2 c5 4. Ngf3 cxd4 5. exd5 Qxd5 6. Bc4 Qd7 7. O-O Nc6
8. Nb3 Nf6 9. Qe2 Bd6 10. Rd1 O-O 11. Nbxd4 Nxd4 12. Rxd4 Qe7 13. Ne5 Nd5
14. Bd3 f5 15. Bc4 Nf6 16. Bg5 Qc7 17. Bxf6 gxf6 18. Nf3 Kh8 19. Rh4 e5 20.
Rh5 e4 21. Nh4 Re8 22. Rh6 Bxh2+ 23. Kh1 Bf4 24. Qh5 Rg8 25. Ng6+ Rxg6 26.
Qxg6 1-0

[Event "Tata Steel 2013 - B"]
[Site "Wijk aan Zee"]
[Date "18.01.2013"]
[Round "6B"]
[White "Ernst,S"]
[Black "Movsesian,S"]
[Result "0-1"]
[WhiteElo "2556"]
[BlackElo "2688"]
[EventDate "2013.01.12"]

1. d4 Nf6 2. c4 e6 3. Nc3 Bb4 4. g3 d5 5. Nf3 dxc4 6. Bg2 O-O 7. O-O Nc6 8.
a3 Be7 9. e4 Na5 10. Qe2 c6 11. Bf4 b5 12. Rad1 Bb7 13. Ne5 Re8 14. g4 Nd7
15. Nf3 Qb6 16. Rfe1 Rad8 17. e5 Nb3 18. Be3 c5 19. d5 exd5 20. Nxd5 Bxd5
21. Rxd5 Nf8 22. Red1 Ne6 23. Qc2 Nbd4 24. Nxd4 cxd4 25. Bxd4 Nxd4 26.
R1xd4 Qxd4 27. Rxd4 Rxd4 28. e6 fxe6 29. Be4 Kh8 30. Bxh7 Rxg4+ 31. Kf1 Rf8
32. Qe2 Rgf4 33. Bc2 Bg5 34. Qh5+ Bh6 35. Qg6 Rxf2+ 36. Kg1 Rxc2 0-1

[Event "Tata Steel 2013 - B"]
[Site "Wijk aan Zee"]
[Date "18.01.2013"]
[Round "6B"]
[White "Rapport,R"]
[Black "Turov,M"]
[Result "1/2-1/2"]
[WhiteElo "2621"]
[BlackElo "2630"]
[EventDate "2013.01.12"]

1. d4 Nf6 2. c4 e6 3. Nc3 Bb4 4. Nf3 Ne4 5. Qc2 f5 6. g3 b6 7. Bg2 Bb7 8.
O-O Nxc3 9. bxc3 Be4 10. Qa4 Be7 11. Bf4 O-O 12. Rad1 d6 13. c5 Qd7 14. Qa3
Nc6 15. cxd6 cxd6 16. c4 Na5 17. c5 Nc4 18. Qb3 d5 19. cxb6 axb6 20. Ne5
Nxe5 21. Bxe5 Bxg2 22. Kxg2 b5 23. Rc1 Rfc8 24. Rxc8+ Rxc8 25. a3 Ra8 26.
Rb1 Ra5 27. Bf4 Rxa3 28. Qxb5 Qxb5 29. Rxb5 Ra7 30. Bb8 Rd7 31. h4 Kf7 32.
Kf3 Bf6 33. e3 g5 34. hxg5 Bxg5 35. Be5 Ra7 36. Rb8 h6 37. Rh8 Ra2 38. Rh7+
Ke8 39. Bg7 Kf7 40. Be5+ Ke8 41. Bd6 Rc2 42. Ra7 Rb2 43. Bc5 Rc2 44. Bb4
Rb2 45. Be1 Kf8 46. Rc7 Rb1 47. Bc3 Ke8 48. Bd2 Rb2 49. Be1 Rb1 50. Ke2 Kf8
51. Ra7 Kg8 52. Bc3 h5 53. Kf3 1/2-1/2

[Event "Tata Steel 2013 - B"]
[Site "Wijk aan Zee"]
[Date "18.01.2013"]
[Round "6B"]
[White "Edouard,R"]
[Black "Tiviakov,S"]
[Result "1-0"]
[WhiteElo "2686"]
[BlackElo "2655"]
[EventDate "2013.01.12"]

1. e4 e6 2. d4 d5 3. Nc3 dxe4 4. Nxe4 Nd7 5. Nf3 Ngf6 6. Nxf6+ Nxf6 7. Bd3
c5 8. Be3 Qc7 9. Qe2 Be7 10. O-O-O O-O 11. dxc5 Nd5 12. Bd4 Nf4 13. Qe4
Nxd3+ 14. Rxd3 f6 15. Rhd1 Rf7 16. Be3 e5 17. Qd5 Bf8 18. Nd2 Qe7 19. Qd8
Qe6 20. b3 b6 21. Qd5 Qxd5 22. Rxd5 bxc5 23. Rd8 Bb7 24. Nc4 Rc7 25. f4
Rxd8 26. Rxd8 exf4 27. Bxf4 Rc8 28. Rd2 g5 29. Bd6 Rd8 30. g3 h5 31. Bxf8
Rxd2 32. Kxd2 Kxf8 33. Nd6 Bg2 34. Ke3 Kg7 35. Ne4 c4 36. bxc4 Kg6 37. Nd6
f5 38. Nb5 a5 39. Nd4 Kf6 40. Nf3 Bf1 41. c5 Bc4 42. a3 Bd5 43. h4 gxh4 44.
gxh4 Ke6 45. Kf4 Bc4 46. Ne5 Ba6 47. c4 a4 48. c6 Bc8 49. c5 Kd5 50. Ng6
Ba6 51. Ne7+ Ke6 52. Nxf5 Kd5 53. c7 Kxc5 54. Ne7 Kc4 55. c8=Q Bxc8 56.
Nxc8 Kb3 57. Nb6 1-0

[Event "Tata Steel 2013 - B"]
[Site "Wijk aan Zee"]
[Date "18.01.2013"]
[Round "6B"]
[White "Van Kampen,R"]
[Black "Ipatov,Alexander"]
[Result "1/2-1/2"]
[WhiteElo "2581"]
[BlackElo "2587"]
[EventDate "2013.01.12"]

1. e4 e5 2. Nf3 Nf6 3. d4 Nxe4 4. Bd3 d5 5. Nxe5 Nd7 6. Nxd7 Bxd7 7. O-O
Qf6 8. Bxe4 dxe4 9. Nc3 O-O-O 10. Nxe4 Qg6 11. f3 f5 12. Nf2 Bb5 13. Re1
Qf6 14. Be3 Bd6 15. Rc1 Rhe8 16. c4 Bd7 17. Qd3 Qh4 18. Nh3 f4 19. Bd2 c5
20. Nf2 Re3 21. Bxe3 fxe3 22. Rxe3 cxd4 23. Re4 Qxh2+ 24. Kf1 Bf5 25. Qxd4
Bxe4 26. Qxe4 Bg3 27. Rc2 h5 28. c5 Kb8 29. c6 bxc6 30. Rxc6 Bc7 31. Rc3
Qd6 32. Nd3 Bb6 33. f4 h4 34. Ke2 Qd7 35. Qe5+ Ka8 36. Qe4+ Kb8 37. Kd2 Re8
38. Qc6 Re7 39. Qxd7 Rxd7 40. Rc4 Rd5 41. Ke2 g5 42. Nb4 Rf5 43. Kf3 Rf8
44. Nd5 Bd8 45. b4 Kb7 46. a4 a6 47. Ke4 Re8+ 48. Kf3 Rf8 49. Ke4 Re8+ 50.
Kf5 Re2 51. fxg5 Rxg2 52. Nf6 h3 53. Rh4 Rf2+ 54. Kg6 Bxf6 55. gxf6 h2 56.
f7 Rg2+ 57. Kf6 Rf2+ 58. Kg7 Rg2+ 59. Kf8 Kc7 60. Rh6 Re2 61. Rh3 Kb7 62.
Rh4 Rg2 63. Rh7 Kb6 64. Ke8 Re2+ 65. Kd8 Rf2 66. Ke8 Re2+ 67. Kf8 Rg2 68.
Rh6+ Kb7 69. b5 axb5 70. axb5 Re2 71. Kg8 1/2-1/2

[Event "Tata Steel 2013 - B"]
[Site "Wijk aan Zee"]
[Date "19.01.2013"]
[Round "7B"]
[White "Turov,M"]
[Black "Edouard,R"]
[Result "1/2-1/2"]
[WhiteElo "2630"]
[BlackElo "2686"]
[EventDate "2013.01.12"]

1. c4 e5 2. Nc3 Nf6 3. g3 Bb4 4. Bg2 O-O 5. e4 Bxc3 6. bxc3 c6 7. Ne2 d5 8.
exd5 cxd5 9. cxd5 Nxd5 10. O-O Nc6 11. d3 Bg4 12. Bb2 Qd7 13. Re1 Nb6 14.
a4 Rad8 15. a5 Nc8 16. d4 N8e7 17. Qa4 Bh3 18. Bxh3 Qxh3 19. Ba3 Rfe8 20.
a6 Qc8 21. axb7 Qxb7 22. Bc5 Ng6 23. Qa6 Qd7 24. Red1 e4 25. Qa4 Qe6 26. c4
Qf6 27. Qb3 e3 28. Rf1 Qf3 29. Qc2 Qg4 30. f3 Qc8 31. Ra3 a5 32. Qc1 Qa6
33. Rd1 Rc8 34. f4 Nf8 35. d5 Nb8 36. Rxe3 Rxe3 37. Qxe3 Qxc4 38. Ba3 Qa4
39. Rd4 Qb5 40. Qd3 Qb6 41. Kg2 Nbd7 42. Rc4 Rxc4 43. Qxc4 Qe3 44. Bxf8 Nb6
45. Qb5 Kxf8 46. Kh3 Nxd5 47. Qxd5 Qxe2 48. Qd8+ Qe8 49. Qxa5 Qc8+ 1/2-1/2

[Event "Tata Steel 2013 - B"]
[Site "Wijk aan Zee"]
[Date "19.01.2013"]
[Round "7B"]
[White "Grandelius,N"]
[Black "Timman,J"]
[Result "0-1"]
[WhiteElo "2572"]
[BlackElo "2566"]
[EventDate "2013.01.12"]

1. e4 c6 2. d4 d5 3. e5 Bf5 4. h4 h6 5. g4 Bd7 6. Nc3 e6 7. Be3 Qc7 8. Nf3
a6 9. Bh3 c5 10. O-O cxd4 11. Nxd4 Nc6 12. f4 Nxd4 13. Bxd4 Bc5 14. Rf2
Bxd4 15. Qxd4 Ne7 16. Re1 O-O-O 17. Qe3 Kb8 18. Ne2 h5 19. g5 Qa5 20. Ra1
Ng6 21. Qg3 Qb6 22. f5 Qxb2 23. Re1 Nf8 24. Nf4 Qb6 25. g6 fxg6 26. fxg6
Rc8 27. c3 Qc5 28. Re3 Rc7 29. Ref3 Rc8 30. Qg5 d4 31. cxd4 Qxd4 32. Rd3
Qb6 33. Rb3 Bb5 34. Nd5 exd5 35. Bxc8 Kxc8 36. a4 Ne6 37. Qe7 Rf8 38. Rbb2
Rxf2 39. Rxf2 Bxa4 40. Kg2 d4 41. Kg3 d3 0-1

[Event "Tata Steel 2013 - B"]
[Site "Wijk aan Zee"]
[Date "19.01.2013"]
[Round "7B"]
[White "Ipatov,Alexander"]
[Black "Naiditsch,A"]
[Result "0-1"]
[WhiteElo "2587"]
[BlackElo "2708"]
[EventDate "2013.01.12"]

1. d4 Nf6 2. c4 g6 3. Nc3 Bg7 4. e4 d6 5. Nf3 O-O 6. h3 Na6 7. Bg5 Qe8 8.
g4 c6 9. e5 dxe5 10. dxe5 Nd7 11. Qe2 Nac5 12. Qe3 f6 13. Bh6 Bxh6 14. Qxh6
Nxe5 15. Nxe5 fxe5 16. Qe3 Nd7 17. O-O-O Qf7 18. Ne4 Qf4 19. c5 Kg7 20. g5
b6 21. Ba6 Qxe3+ 22. fxe3 Bxa6 23. Rxd7 Rf7 24. b3 Kf8 25. h4 Ke8 26. Rd2
Rd8 27. h5 gxh5 28. Rxd8+ Kxd8 29. Kd2 Bc8 30. cxb6 axb6 31. Rxh5 Bf5 32.
Nf2 Bg6 33. Rh2 Kd7 34. Ke2 Rf5 35. Ne4 c5 36. a3 Kc6 37. Rf2 Rxf2+ 38.
Nxf2 Bf7 39. b4 cxb4 40. axb4 Kb5 41. Kd2 Kxb4 42. Nd3+ Kb3 43. Nxe5 Be8
44. Nf3 Kc4 45. Nd4 e5 46. Nf5 Bg6 47. e4 b5 48. Nd6+ Kd4 49. Nxb5+ Kxe4
50. Nd6+ Kf4 51. Nc4 Bf7 52. Nd6 Bd5 53. Nb5 Kxg5 54. Ke3 Kg4 55. Nc3 Bf3
56. Na4 h5 57. Nc5 Kg3 58. Nd7 e4 0-1

[Event "Tata Steel 2013 - B"]
[Site "Wijk aan Zee"]
[Date "19.01.2013"]
[Round "7B"]
[White "Dubov,Danii"]
[Black "Rapport,R"]
[Result "1/2-1/2"]
[WhiteElo "2600"]
[BlackElo "2621"]
[EventDate "2013.01.12"]

1. d4 e6 2. Nf3 c5 3. e4 cxd4 4. Nxd4 a6 5. Nc3 d6 6. g3 Bd7 7. Bg2 Nc6 8.
O-O Nf6 9. a4 Be7 10. Be3 O-O 11. h3 Nxd4 12. Bxd4 Bc6 13. a5 Nd7 14. Re1
Rc8 15. Qe2 Bf6 16. Red1 Qc7 17. Qe3 Be7 18. Ne2 Bb5 19. Rdc1 e5 20. Ba7
Bc4 21. Nc3 Ra8 22. Na4 h6 23. Nb6 Nxb6 24. Bxb6 Qc8 25. h4 Qg4 26. Rd1
Rac8 27. b3 Be6 28. c4 g5 29. Bf3 Qh3 30. Bg2 Qg4 31. hxg5 hxg5 32. Rd3 Kg7
33. Qf3 Qxf3 34. Bxf3 1/2-1/2

[Event "Tata Steel 2013 - B"]
[Site "Wijk aan Zee"]
[Date "19.01.2013"]
[Round "7B"]
[White "Movsesian,S"]
[Black "Van Kampen,R"]
[Result "1-0"]
[WhiteElo "2688"]
[BlackElo "2581"]
[EventDate "2013.01.12"]

1. c4 g6 2. e4 e5 3. Nf3 Bg7 4. d4 exd4 5. Nxd4 Nf6 6. Nc3 O-O 7. Be2 Re8
8. f3 c6 9. Nb3 a5 10. a4 Na6 11. O-O Qb6+ 12. Kh1 d6 13. Bf4 Be6 14. Bg3
Nh5 15. Bf2 Nc5 16. Ra3 Rad8 17. Re1 Bxc3 18. bxc3 Qa6 19. Nd2 Nf4 20. Bh4
Rc8 21. Bf1 Nfd3 22. Re3 Nb2 23. Qe2 d5 24. f4 Nxc4 25. Nxc4 dxc4 26. f5
Bd7 27. Qd2 Nd3 28. Rxd3 cxd3 29. Qh6 d2 30. Ra1 1-0

[Event "Tata Steel 2013 - B"]
[Site "Wijk aan Zee"]
[Date "20.01.2013"]
[Round "8B"]
[White "Ernst,S"]
[Black "Turov,M"]
[Result "0-1"]
[WhiteElo "2556"]
[BlackElo "2630"]
[EventDate "2013.01.12"]

1. d4 Nf6 2. c4 e6 3. Nc3 Bb4 4. g3 c5 5. Nf3 Nc6 6. Bg2 Ne4 7. Bd2 Nxd2 8.
Qxd2 cxd4 9. Nxd4 Qb6 10. Nc2 Be7 11. O-O O-O 12. Kh1 d6 13. f4 Bd7 14.
Rad1 Rfd8 15. Ne3 Bf8 16. Ne4 Rac8 17. b3 a6 18. f5 Ne5 19. fxe6 fxe6 20.
Nc2 Qc7 21. Qg5 h6 22. Qh5 d5 23. cxd5 exd5 24. Rxd5 Bg4 25. Qxe5 Qxe5 26.
Rxe5 Rxc2 27. h3 Bxe2 28. Rf2 Rc1+ 29. Kh2 Bb5 30. a4 Bc6 31. h4 Bb4 32.
Re2 Rd3 33. Nf2 Rxb3 34. Bxc6 Rxc6 35. Rd5 Rd6 36. Rf5 Rd8 37. Ne4 Ra3 38.
Nc5 Rf8 39. Rxf8+ Kxf8 40. Nd7+ Kf7 41. Ne5+ Kg8 42. Kh3 Bd6 43. a5 Bc7 44.
Kg2 Rxa5 45. Ng6 Kf7 46. Nh8+ Kf6 47. Rf2+ Rf5 48. Rb2 Rb5 49. Rf2+ Ke6 50.
Ng6 Bd6 51. g4 a5 52. Re2+ Kf6 0-1

[Event "Tata Steel 2013 - B"]
[Site "Wijk aan Zee"]
[Date "20.01.2013"]
[Round "8B"]
[White "Timman,J"]
[Black "Ipatov,Alexander"]
[Result "1-0"]
[WhiteElo "2566"]
[BlackElo "2587"]
[EventDate "2013.01.12"]

1. d4 d5 2. c4 c6 3. Nc3 Nf6 4. e3 g6 5. Nf3 Bg7 6. Be2 O-O 7. O-O e6 8. b4
dxc4 9. Bxc4 b5 10. Bd3 a5 11. bxa5 Qxa5 12. Bd2 Qa3 13. Qb3 Nbd7 14. Ne4
Nd5 15. Rfc1 e5 16. Nc3 Qxb3 17. axb3 Rxa1 18. Rxa1 exd4 19. exd4 Nc5 20.
Nxd5 cxd5 21. Bc2 Ne6 22. Ra5 Nxd4 23. Nxd4 Bxd4 24. Rxb5 Be6 25. Kf1 Rc8
26. Bd3 Kg7 27. Ke2 Bg4+ 28. f3 Be6 29. b4 Kf6 30. Ra5 Bc3 31. Ba6 Rc7 32.
Rc5 Rxc5 33. bxc5 Bxd2 34. Kxd2 Ke5 35. f4+ Kxf4 36. c6 h5 37. c7 h4 38.
c8=Q Bxc8 39. Bxc8 g5 40. Ke2 g4 41. Ba6 f5 42. Bc8 Ke4 43. Bd7 Kf4 44. Kd3
Ke5 45. Bc8 Kf6 46. Kd4 Kg5 47. Kxd5 f4 48. Ke5 g3 49. hxg3 1-0

[Event "Tata Steel 2013 - B"]
[Site "Wijk aan Zee"]
[Date "20.01.2013"]
[Round "8B"]
[White "Van Kampen,R"]
[Black "Naiditsch,A"]
[Result "1-0"]
[WhiteElo "2581"]
[BlackElo "2708"]
[EventDate "2013.01.12"]

1. e4 e6 2. d4 d5 3. Nc3 Bb4 4. e5 Ne7 5. a3 Bxc3+ 6. bxc3 c5 7. h4 Qc7 8.
h5 h6 9. Nf3 Nd7 10. Rh4 O-O 11. Bd3 c4 12. Be2 f6 13. Rg4 Nf5 14. Bf4 fxe5
15. Bxe5 Nxe5 16. Nxe5 Bd7 17. Qd2 a5 18. Rf4 b5 19. Bg4 Be8 20. g3 Ra6 21.
Kf1 Bxh5 22. Bxh5 1-0

[Event "Tata Steel 2013 - B"]
[Site "Wijk aan Zee"]
[Date "22.01.2013"]
[Round "9B"]
[White "Tiviakov,S"]
[Black "Van Kampen,R"]
[Result "1-0"]
[WhiteElo "2655"]
[BlackElo "2581"]
[EventDate "2013.01.12"]

1. e4 c6 2. d4 d5 3. Nd2 dxe4 4. Nxe4 Bf5 5. Ng3 Bg6 6. Nh3 Nf6 7. Bc4 e6
8. Nf4 Bd6 9. c3 Qc7 10. Qf3 Nbd7 11. O-O O-O 12. Re1 c5 13. Nxg6 hxg6 14.
Bb3 cxd4 15. cxd4 Nb6 16. Bg5 Nbd5 17. Rac1 Qd7 18. Bxf6 Nxf6 19. Ne4 Nxe4
20. Qxe4 Rac8 21. Rcd1 Rc7 22. Qg4 Qd8 23. Re3 Qf6 24. Rf3 Qe7 25. g3 Rfc8
26. Kg2 Rc1 27. Rd2 Re8 28. Re2 Rc7 29. Re4 g5 30. Rxf7 Qxf7 31. Rxe6 Be7
32. Re3 Rc4 33. Qd7 b5 34. Qxb5 Rec8 35. Bxc4 Rxc4 36. Rxe7 1-0

[Event "Tata Steel 2013 - B"]
[Site "Wijk aan Zee"]
[Date "22.01.2013"]
[Round "9B"]
[White "Smeets,J"]
[Black "Edouard,R"]
[Result "1-0"]
[WhiteElo "2615"]
[BlackElo "2686"]
[EventDate "2013.01.12"]

1. e4 e6 2. d4 d5 3. Nd2 c5 4. Ngf3 cxd4 5. Nxd4 Nc6 6. Bb5 Bd7 7. Nxc6
Bxc6 8. Bxc6+ bxc6 9. c4 Bd6 10. cxd5 cxd5 11. exd5 exd5 12. O-O Ne7 13.
Nf3 O-O 14. Qd3 Qd7 15. Bd2 Ng6 16. Rfd1 h6 17. b4 Rab8 18. a3 Rfd8 19.
Rac1 Bf4 20. h3 Qa4 21. Qc2 Qa6 22. Qb3 d4 23. g3 Be5 24. Re1 Re8 25. a4
Qd6 26. b5 a6 27. Bb4 Qd7 28. bxa6 Re6 29. Rc5 Bd6 30. Rb5 Rxe1+ 31. Nxe1
Re8 32. Qd5 Re6 33. Bxd6 Rxe1+ 34. Kg2 Qe8 35. Rb8 1-0

[Event "Tata Steel 2013 - B"]
[Site "Wijk aan Zee"]
[Date "22.01.2013"]
[Round "9B"]
[White "Turov,M"]
[Black "Movsesian,S"]
[Result "0-1"]
[WhiteElo "2630"]
[BlackElo "2688"]
[EventDate "2013.01.12"]

1. d4 d5 2. c4 c6 3. Nc3 Nf6 4. Nf3 a6 5. c5 Bf5 6. Bf4 Nbd7 7. e3 Nh5 8.
Be5 Nhf6 9. Bf4 Nh5 10. Be5 Nhf6 11. Bg3 Ne4 12. Nxe4 Bxe4 13. Nd2 Bf5 14.
Be2 g6 15. O-O Bg7 16. b4 O-O 17. Nb3 Re8 18. Qd2 Nf6 19. f3 Nd7 20. Bh4 f6
21. Na5 Qc8 22. e4 Be6 23. exd5 Bxd5 24. Bc4 Nf8 25. Bxd5+ cxd5 26. a4 Qd7
27. Rfd1 Ne6 28. Bg3 f5 29. Nb3 f4 30. Bxf4 Nxf4 31. Qxf4 e5 32. Qd2 e4 33.
Rf1 Re7 34. f4 e3 35. Qe2 Qf5 36. Rad1 Qe4 37. Rd3 Rf8 38. g3 h5 39. Re1
Rfe8 40. Red1 h4 41. Rf1 hxg3 42. hxg3 Bf6 43. c6 Rh7 44. Rf3 Kf7 45. Rdxe3
Qb1+ 46. Qf1 Reh8 0-1

[Event "Tata Steel 2013 - B"]
[Site "Wijk aan Zee"]
[Date "22.01.2013"]
[Round "9B"]
[White "Naiditsch,A"]
[Black "Timman,J"]
[Result "1-0"]
[WhiteElo "2708"]
[BlackElo "2566"]
[EventDate "2013.01.12"]

1. e4 e5 2. Nf3 Nc6 3. Bb5 a6 4. Ba4 Nf6 5. d3 d6 6. c4 Be7 7. h3 O-O 8.
Nc3 Nb8 9. O-O c6 10. Be3 b5 11. Bc2 Bb7 12. d4 Nbd7 13. Qe2 b4 14. Na4 c5
15. d5 g6 16. b3 Nh5 17. Kh2 a5 18. Nb2 Kh8 19. g4 Ng7 20. Rg1 Bc8 21. Bh6
Nf6 22. Nd1 Ng8 23. Bd2 f5 24. gxf5 gxf5 25. exf5 Bxf5 26. Ne3 Bxc2 27.
Nxc2 Qe8 28. Ng5 Qh5 29. Qxh5 Nxh5 30. Raf1 Bxg5 31. Rxg5 Nhf6 32. Rg2 a4
33. f4 axb3 34. axb3 Ne4 35. Bc1 exf4 36. Bb2+ Nc3 37. Rf3 Rae8 38. Na3 Nf6
39. Nb5 Nfe4 40. Nxd6 1-0

[Event "Tata Steel 2013 - B"]
[Site "Wijk aan Zee"]
[Date "22.01.2013"]
[Round "9B"]
[White "Grandelius,N"]
[Black "Rapport,R"]
[Result "1/2-1/2"]
[WhiteElo "2572"]
[BlackElo "2621"]
[EventDate "2013.01.12"]

1. e4 e6 2. d4 d5 3. Nc3 Bb4 4. e5 c5 5. a3 Bxc3+ 6. bxc3 Qc7 7. Qg4 f5 8.
Qg3 Nc6 9. Nf3 cxd4 10. cxd4 Nge7 11. Bd3 Nxd4 12. Nxd4 Qc3+ 13. Ke2 Qxd4
14. Be3 Qg4+ 15. Qxg4 fxg4 16. h3 g3 17. f4 h5 18. h4 Bd7 19. Rh3 d4 20.
Bxd4 O-O 21. Rf1 Nf5 22. Bxf5 Rxf5 23. Ke3 Rc8 24. c3 Rc4 25. Rxg3 Ra4 26.
Ra1 Bc6 27. Rg6 Kf7 28. Rg5 Rxg5 29. fxg5 Kg6 30. g3 Bg2 31. Kf4 Bh3 32.
Ra2 b6 33. Ke3 Bf5 34. Kd2 Be4 35. Ke3 Bb1 36. Ra1 Bf5 37. Ra2 b5 38. Ra1
a6 39. Ra2 Bh3 40. Rh2 Bf1 41. Rf2 Bh3 42. Bc5 Rg4 43. Rf4 Rxg3+ 44. Rf3
Rxf3+ 45. Kxf3 Kf5 46. Bd6 g6 47. Bc7 Bf1 48. Bd6 Bc4 49. Bc7 Bd5+ 50. Kg3
Ke4 51. Bd6 Bc6 52. Bc7 Be8 53. Bd6 a5 54. Bc7 a4 55. Bd6 Bc6 56. Bc7 Ke3
57. Bb6+ Kd3 58. Kf4 Kxc3 59. Bc5 Kc4 60. Bb4 Kd3 61. Bc5 Ke2 62. Kg3 Bd5
63. Kf4 Kf1 64. Kg3 Bc6 65. Bd6 Ke2 66. Bc5 Bb7 67. Kf4 b4 68. Bxb4 Kf2 69.
Bc3 Kg2 70. Be1 1/2-1/2

[Event "Tata Steel 2013 - B"]
[Site "Wijk aan Zee"]
[Date "22.01.2013"]
[Round "9B"]
[White "Dubov,Danii"]
[Black "Ernst,S"]
[Result "1-0"]
[WhiteElo "2600"]
[BlackElo "2556"]
[EventDate "2013.01.12"]

1. d4 Nf6 2. c4 e6 3. Nc3 Bb4 4. Qc2 Nc6 5. e3 O-O 6. f4 Bxc3+ 7. bxc3 d6
8. e4 e5 9. fxe5 dxe5 10. d5 Ne7 11. Nf3 c5 12. Nxe5 Re8 13. Bd3 Nexd5 14.
cxd5 Rxe5 15. c4 Re8 16. O-O Ng4 17. Bf4 Ne5 18. Rae1 f6 19. Be2 Re7 20.
Rb1 Rb8 21. Qc3 Bd7 22. Qa3 b6 23. d6 Re6 24. Qxa7 Rxd6 25. Rbd1 Rd4 26.
Rxd4 cxd4 27. c5 Be6 28. Bxe5 fxe5 29. Rb1 d3 30. Bxd3 Qd4+ 31. Kh1 Rf8 32.
Qa6 Qxc5 33. h3 Rd8 34. Rxb6 Rxd3 35. Rb8+ Kf7 36. Qxd3 Qc1+ 37. Kh2 Qf4+
38. Kg1 Qc1+ 39. Qf1+ Qxf1+ 40. Kxf1 Bxa2 41. Kf2 Bc4 42. Rb6 Bd3 43. Kf3
Bc2 44. Rb4 Bd1+ 45. Ke3 Bh5 46. g4 Bg6 47. Rb7+ Kf6 48. h4 Bf7 49. g5+ Ke6
50. Ra7 1-0

[Event "Tata Steel 2013 - B"]
[Site "Wijk aan Zee"]
[Date "23.01.2013"]
[Round "10B"]
[White "Ernst,S"]
[Black "Smeets,J"]
[Result "0-1"]
[WhiteElo "2556"]
[BlackElo "2615"]
[EventDate "2013.01.12"]

1. d4 d5 2. c4 c6 3. Nf3 Nf6 4. Nc3 dxc4 5. a4 Bf5 6. Ne5 Na6 7. e3 Nb4 8.
Bxc4 e6 9. O-O Bd6 10. Qe2 h6 11. e4 Bh7 12. Bf4 O-O 13. Bg3 Qe7 14. Bh4 g5
15. Bg3 c5 16. f4 cxd4 17. fxg5 hxg5 18. Nb5 Bc5 19. Nd3 Nxe4 20. Be1 a6
21. Na3 Rac8 22. Kh1 Nd5 23. Nc2 Bd6 24. Bxd5 exd5 25. Nxd4 Rc4 26. Nf5
Bxf5 27. Rxf5 Ng3+ 28. Bxg3 Qxe2 29. Bxd6 Rfc8 30. Raf1 Qxd3 0-1

[Event "Tata Steel 2013 - B"]
[Site "Wijk aan Zee"]
[Date "23.01.2013"]
[Round "10B"]
[White "Rapport,R"]
[Black "Ipatov,Alexander"]
[Result "1-0"]
[WhiteElo "2621"]
[BlackElo "2587"]
[EventDate "2013.01.12"]

1. d4 d5 2. c4 e6 3. Nc3 Nf6 4. cxd5 exd5 5. Bg5 Be7 6. e3 Nbd7 7. Bd3 c6
8. Nf3 O-O 9. Qc2 Re8 10. O-O Nf8 11. Bxf6 Bxf6 12. b4 Bg4 13. Nd2 Rc8 14.
a4 Be7 15. Rfb1 Bd6 16. Bf5 Qh4 17. g3 Bxf5 18. Qxf5 Qe7 19. b5 Ne6 20. Nf3
g6 21. Qd3 Ng5 22. Nxg5 Qxg5 23. bxc6 bxc6 24. Kg2 h5 25. h4 Qg4 26. Qd1
Rb8 27. Qf3 a5 28. Ne2 Qd7 29. Nc1 Kg7 30. Nd3 Rxb1 31. Rxb1 Qa7 32. Rc1
Qa6 33. Nc5 Bxc5 34. Rxc5 Rb8 35. Rc1 Rb4 36. Qf4 Qb7 37. Qe5+ Kh7 38. Rc5
Rxa4 39. Qe8 Kg7 40. Qxc6 Qxc6 41. Rxc6 Rc4 42. Rd6 Rc7 43. Ra6 a4 44. Kf3
f6 45. Rxa4 Kf7 46. Ra5 Ke6 47. Ra6+ Ke7 48. Kf4 Rb7 49. Ra8 Kf7 50. Rh8
Rb2 51. Kf3 Ra2 52. Rh7+ Ke6 53. Rb7 Rc2 54. Rb6+ Ke7 55. Ra6 Rb2 56. Ra1
Ke6 57. Re1 Ra2 58. Re2 Ra8 59. Rb2 Ra7 60. Kf4 Ke7 61. f3 Kf7 62. Rb5 Rd7
63. Ra5 Kg7 64. Ra6 Kf7 65. g4 hxg4 66. fxg4 Rb7 67. Rd6 Rb5 68. g5 fxg5+
69. hxg5 Ra5 70. Rf6+ Kg7 71. Re6 Ra1 72. Re5 1-0

[Event "Tata Steel 2013 - B"]
[Site "Wijk aan Zee"]
[Date "23.01.2013"]
[Round "10B"]
[White "Movsesian,S"]
[Black "Dubov,Danii"]
[Result "1/2-1/2"]
[WhiteElo "2688"]
[BlackElo "2600"]
[EventDate "2013.01.12"]

1. c4 c6 2. Nf3 d5 3. e3 Nf6 4. Nc3 e6 5. Qc2 Bd6 6. b3 O-O 7. Bb2 e5 8. d4
e4 9. Nd2 Be6 10. c5 Bc7 11. f3 Bf5 12. O-O-O Bg6 13. f4 Ng4 14. Re1 Nf2
15. Rg1 Qh4 16. Be2 Qxh2 17. Nd1 Nxd1 18. Kxd1 Qg3 19. Qc3 Bf5 20. Nf1 Qf2
21. Nd2 Qg3 22. Nf1 Qf2 23. Nd2 Qg3 1/2-1/2

[Event "Tata Steel 2013 - B"]
[Site "Wijk aan Zee"]
[Date "23.01.2013"]
[Round "10B"]
[White "Edouard,R"]
[Black "Grandelius,N"]
[Result "1-0"]
[WhiteElo "2686"]
[BlackElo "2572"]
[EventDate "2013.01.12"]

1. d4 Nf6 2. c4 g6 3. Nc3 d5 4. cxd5 Nxd5 5. Na4 e5 6. dxe5 Bb4+ 7. Bd2 Ne3
8. fxe3 Bxd2+ 9. Qxd2 Qh4+ 10. g3 Qxa4 11. Bg2 O-O 12. Nf3 Nc6 13. Qc3 Bg4
14. h3 Be6 15. O-O Bd5 16. a3 Rad8 17. Rf2 Rfe8 18. Raf1 Qc4 19. Qxc4 Bxc4
20. Rc1 Bd5 21. Nd4 Rxe5 22. Bxd5 Rdxd5 23. Nxc6 bxc6 24. Rxc6 Re7 25. Rc3
c5 26. b3 Rd1+ 27. Rf1 Rd2 28. Kf2 Rb2 29. Rd1 Re5 30. g4 Re7 31. Rd8+ Kg7
32. Rb8 Rd7 33. Rxc5 Rdd2 34. g5 Rxe2+ 35. Kf3 h6 36. gxh6+ Kxh6 37. Rc7
Kg5 38. Rb4 Rf2+ 39. Ke4 a5 40. Rb5+ 1-0

[Event "Tata Steel 2013 - B"]
[Site "Wijk aan Zee"]
[Date "23.01.2013"]
[Round "10B"]
[White "Tiviakov,S"]
[Black "Turov,M"]
[Result "1/2-1/2"]
[WhiteElo "2655"]
[BlackElo "2630"]
[EventDate "2013.01.12"]

1. e4 c6 2. d4 d5 3. Nd2 dxe4 4. Nxe4 Bf5 5. Ng3 Bg6 6. Nh3 Nf6 7. Bc4 e6
8. Nf4 Bd6 9. c3 Qc7 10. Qf3 Nbd7 11. O-O O-O 12. Nxg6 hxg6 13. Bg5 c5 14.
Bb3 a5 15. dxc5 Qxc5 16. Be3 Qc7 17. a4 Bc5 18. Bf4 Bd6 19. Be3 Bc5 20. Bg5
Ne5 21. Qe2 Neg4 22. Bxf6 Nxf6 23. Ne4 Nxe4 24. Qxe4 Rad8 25. Qc2 Rd6 26.
Rae1 Rfd8 27. Re2 R8d7 28. Rfe1 Qd8 29. Kf1 Rd2 30. Rxd2 Rxd2 31. Rd1 Rxd1+
32. Qxd1 Qb6 33. Qc2 Bxf2 34. Bxe6 Bg1 35. Bd5 Bxh2 36. Qe4 Kf8 37. b4 Qf6+
38. Qf3 b6 39. Qxf6 gxf6 40. bxa5 bxa5 41. g4 Ke7 1/2-1/2

[Event "Tata Steel 2013 - B"]
[Site "Wijk aan Zee"]
[Date "25.01.2013"]
[Round "11B"]
[White "Ipatov,Alexander"]
[Black "Edouard,R"]
[Result "0-1"]
[WhiteElo "2587"]
[BlackElo "2686"]
[EventDate "2013.01.12"]

1. d4 e6 2. c4 Bb4+ 3. Nd2 c5 4. a3 Bxd2+ 5. Qxd2 cxd4 6. Qxd4 Nf6 7. Nf3
Nc6 8. Qh4 d5 9. cxd5 Qxd5 10. Bg5 Ne4 11. Rd1 Qf5 12. e3 Nxg5 13. Nxg5
Qa5+ 14. Rd2 h6 15. Ne4 O-O 16. Be2 e5 17. Bc4 Bf5 18. Nd6 Rad8 19. b4 Qxa3
20. O-O Bg6 21. Rfd1 Kh7 22. b5 Nd4 23. exd4 Qxd6 24. dxe5 Qxd2 25. Rxd2
Rxd2 26. h3 Rfd8 27. Qe7 R8d7 28. Qf8 Rd8 29. Qe7 R2d7 30. Qa3 Rc7 31. Be2
Rd2 32. Bf3 b6 33. Bc6 Rd8 34. f4 Bd3 35. Qc3 Kg8 36. Qd2 a6 37. f5 Rcc8
38. e6 Bxb5 39. exf7+ Kh7 40. Bxb5 Rxd2 41. Be8 Re2 42. f8=Q Rexe8 43. Qf7
Rf8 44. Qg6+ Kh8 45. Qxb6 Rf6 46. Qa5 Rb8 47. Qe5 Rb5 48. Qe8+ Kh7 49. g4
Rfb6 50. Kg2 a5 51. Kg3 Rb4 52. Kh4 a4 53. Qa8 Rd6 54. Qf3 Rf6 55. Qa3 Rd4
56. Qa1 Rf4 57. Qb1 a3 58. Qb3 R6xf5 59. Qxa3 Rf3 60. Qe7 Re5 61. Qd7 Ree3
62. g5 Rf4+ 0-1

[Event "Tata Steel 2013 - B"]
[Site "Wijk aan Zee"]
[Date "25.01.2013"]
[Round "11B"]
[White "Dubov,Danii"]
[Black "Tiviakov,S"]
[Result "1-0"]
[WhiteElo "2600"]
[BlackElo "2655"]
[EventDate "2013.01.12"]

1. d4 Nf6 2. c4 e6 3. Nc3 Bb4 4. e3 O-O 5. Nge2 d5 6. a3 Be7 7. cxd5 exd5
8. Nf4 c6 9. Bd3 Re8 10. O-O Nbd7 11. f3 Nb6 12. Kh1 c5 13. Bc2 cxd4 14.
Qxd4 Be6 15. Nxe6 fxe6 16. Qd3 Rc8 17. e4 dxe4 18. Qe2 Qc7 19. Bb3 Bd6 20.
Bg5 Kh8 21. Nb5 Qb8 22. Rad1 Bc5 23. fxe4 a6 24. e5 Nfd5 25. Bc2 Be3 26.
Nd6 Bxg5 27. Nf7+ Kg8 28. Bxh7+ Kxh7 29. Qe4+ 1-0